| 000 | 00440nam a22001577a 4500 | ||
|---|---|---|---|
| 005 | 20260312184122.0 | ||
| 008 | 260312b |||||||| |||| 00| 0 eng d | ||
| 020 | _a1853395811 | ||
| 020 | _a9781853395819 | ||
| 050 |
_aHN980 _b.C49 CHA |
||
| 100 | _aChambers Robert | ||
| 245 |
_aWhose Reality Counts? _bPutting the First last/ _cRobert Chambers |
||
| 260 |
_aLondon _bITDG Publishing _c1997 |
||
| 500 | _aIncludes Index | ||
| 942 |
_2lcc _cBK _n0 |
||
| 999 |
_c8999 _d8999 |
||